000 00222 a2200097 4500
001 21188
100 _aSelby, S M
245 _aStandard Mathematical tables
260 _a
_bChemical Rubber Co
_c1968
090 _c15067
_d15067
942 _aNUST-CAE
_cM
_c5633
999 _c256261
_d256261